| Tag |
First Indicator |
Second Indicator |
Subfields |
| LEADER |
00000cam a2200000 a 4500 |
| 001 |
in00002124621 |
| 005 |
20151103062831.0 |
| 008 |
050728s2006 nyu 000 0ceng |
| 010 |
|
|
|a 2005044417
|
| 020 |
|
|
|a 0312320949
|
| 024 |
3 |
|
|a 9780312320942
|
| 035 |
|
|
|a (OCoLC)ocm61821855
|
| 040 |
|
|
|a DLC
|c DLC
|d BAKER
|d C#P
|d UtOrBLW
|
| 049 |
|
|
|a TXAM
|
| 050 |
0 |
0 |
|a RC570
|b .J33 2006
|
| 082 |
0 |
0 |
|a 362.196/8588430092
|2 22
|
| 100 |
1 |
|
|a Jacobs, Molly Bruce.
|
| 245 |
1 |
0 |
|a Secret girl /
|c Molly Bruce Jacobs.
|
| 250 |
|
|
|a 1st ed.
|
| 264 |
|
1 |
|a New York :
|b St. Martin's Press,
|c 2006.
|
| 300 |
|
|
|a 232 pages ;
|c 22 cm.
|
| 336 |
|
|
|a text
|b txt
|2 rdacontent
|
| 337 |
|
|
|a unmediated
|b n
|2 rdamedia
|
| 338 |
|
|
|a volume
|b nc
|2 rdacarrier
|
| 650 |
|
0 |
|a Hydrocephalus
|x Patients
|x Family relationships.
|
| 600 |
1 |
0 |
|a Jacobs, Molly Bruce
|x Family.
|
| 650 |
|
0 |
|a People with mental disabilities
|v Biography.
|
| 650 |
|
0 |
|a People with mental disabilities
|x Family relationships.
|
| 650 |
|
0 |
|a Sisters
|x Family relationships.
|
| 856 |
4 |
2 |
|3 Contributor biographical information
|u http://www.loc.gov/catdir/enhancements/fy0624/2005044417-b.html
|t 0
|
| 856 |
4 |
2 |
|3 Publisher description
|u http://www.loc.gov/catdir/enhancements/fy0624/2005044417-d.html
|t 0
|
| 938 |
|
|
|a Baker & Taylor
|b BKTY
|c 22.95
|d 17.21
|i 0312320949
|n 0006573776
|s active
|
| 945 |
|
|
|i PromptCat
|
| 947 |
|
|
|a A14832714666
|
| 948 |
|
|
|a cataloged
|b h
|c 2006/4/28
|d c
|e achopde
|f 12:44:48 pm
|
| 994 |
|
|
|a 92
|b TXA
|
| 999 |
|
|
|a MARS
|
| 999 |
f |
f |
|s 46425fe9-ef56-30f6-bb4e-6fbd02067a71
|i d24636ce-4fe6-3910-86c0-cda72fe020b4
|t 0
|
| 952 |
f |
f |
|p ric
|a Texas A&M University
|b Rellis Campus
|c Joint Library Facility
|d Remote Storage
|t 0
|e RC570 .J33 2006
|h Library of Congress classification
|i unmediated -- volume
|m A14832714666
|
| 998 |
f |
f |
|a RC570 .J33 2006
|t 0
|l Remote Storage
|